The works of Lord Byron
Guardat en:
| Autor principal: | |
|---|---|
| Format: | Llibre |
| Idioma: | anglès |
| Publicat: |
Londres
John Murray
1837
|
| Matèries: | |
| Etiquetes: |
Afegir etiqueta
Sense etiquetes, Sigues el primer a etiquetar aquest registre!
|
MARC
| LEADER | 00000nam a2200000 a 4500 | ||
|---|---|---|---|
| 001 | UCT1135 | ||
| 003 | CL-VaPUC | ||
| 008 | 960927e18370000UK |||||||||||||||||eng|d | ||
| 082 | 0 | 4 | |a 821 |b BYR |2 21 |
| 100 | 0 | |a Byron, George |e author |9 369939 | |
| 245 | 1 | 4 | |a The works of Lord Byron |
| 300 | |a 827 p | ||
| 942 | |c BK | ||
| 945 | |d 19960927 00:00:00 |a rleighto | ||
| 260 | |a Londres |b John Murray |c 1837 | ||
| 650 | 0 | |a Poesías inglesas |9 265094 | |
| 650 | 0 | |a Dramas ingleses |9 269396 | |
| 650 | 7 | |a SATIRA INGLESA |2 CL-VaPUC |9 348885 | |
| 583 | |a last modification |c 19960927 00:00:00 |k Rodrigo Vera | ||
| 999 | |c 251783 |d 251781 | ||
| 952 | |0 0 |1 0 |4 0 |6 821_000000000000000_BYR_1837 |7 0 |8 P |9 271183 |a BIBEDU |b BIBEDU |c BIBEDU_PB |d 2019-11-19 |i 3233642 |o 821 BYR 1837 |p 3233642 |r 2024-01-25 |w 2019-11-19 |y BK |k LIT | ||